000 01079nam2a22002651 4500
001 v19\rc\1314710
005 20250618033842.0
035 _a(NLR Aleph) 004470682
090 _a4560573
_c4560573
100 _a20060512d1900 |||y0rusy50 ca
101 1 _arus
_cger
102 _aRU
105 _ay z |||||
200 1 _aСмелым бог владеет
_e(Gewagt und gewonnen)
_fПер. с нем. Е.Б. и А. Заблоцкой
210 _d1900
_aБ. м.
215 _a259 с.
316 _aЭкземпляр РНБ (20.68.6.34): утрачен
_5NLR: 20.68.6.34
461 0 _1001v19\rc\1314707
_12001#$aСобрание сочинений$e2-я сер. Т. 1-$vТ. 6$90
_1700#1$aВернер$bЭ.$f1838-1918$gЭлизабет
_94560561
_aВернер, Э. (1838-1918)
_cМосква
_d1900
_nД.П. Ефимов
_o2-я сер. Т. 1-
_tСобрание сочинений
_vТ. 6$90
702 0 _aЕ.Б.
_4730
702 1 _aЗаблоцкая
_bА.
_4730
801 0 _aRU
_bNLR
_gpsbo
801 1 _aRU
_bProSoft-M
_2rusmarc
852 _aNLR
_j20.68.6.34
942 _cBOOK
980 _aNB